| 000 | 01572nam0a2200325 4500 | ||
|---|---|---|---|
| 001 | RU\NLR\bibl\218424 | ||
| 005 | 20260407114039.0 | ||
| 021 |
_aRU _b2001-36627 _91740 |
||
| 035 | _a(NLR Aleph) 000214510 | ||
| 090 |
_a1245771 _c1245771 |
||
| 100 | _a20011217d2001 |||y0rusy50 ca | ||
| 101 | 0 | _arus | |
| 102 | _aRU | ||
| 105 | _ay ||||||||| | ||
| 200 | 1 |
_aТребования по проверке и оценке состояния физической подготовленности военнослужащих Вооруженных Сил Российской Федерации _eУтв. М-вом обороны Рос. Федерации 16.01.01 _fМ-во обороны Рос. Федерации _g[Генерал-майор Бабкин В.Г. и др.] |
|
| 210 |
_aМ. _cГенер. штаб ВС РФ _d2001 |
||
| 215 |
_a64 с. _d20 |
||
| 601 | 0 | 1 |
_aРоссийская Федерация _bВооруженные силы _jРуководства, пособия и т.п _xЛичный состав _xФизическая подготовка _xКонтроль _92282376 _3RU\NLR\AUTH\6601595494 |
| 675 |
_a355.233.22 _v3 _zrus |
||
| 686 |
_a68.49(2Рос) _2rubbk |
||
| 686 | 1 | _aЦ4,6(2Р)36я7 | |
| 702 | 1 |
_aБабкин _bВ. Г. _4220 |
|
| 712 | 0 | 1 |
_4570 _aРоссийская Федерация _bМинистерство обороны _9387203 _3RU\NLR\AUTH\889945874 |
| 801 | 0 |
_aRU _bRKP _c20011217 _gPSBO |
|
| 801 | 1 |
_aRU _bRKP _c20011217 |
|
| 801 | 2 |
_aRU _bNLR _c20030627 _grcr |
|
| 942 | _cBOOK | ||
| 980 | _aNB | ||